Öğretmen örgütlenmesinde Eskişehir örneği (Record no. 4742)

MARC details
000 -BAŞLIK
Sabit Uzunlukta Kontrol Alanı 01665na a2200409 4500
001 - KONTROL NUMARASI
Denetim Alanı 18025
003 - KONTROL NUMARASI IDENTIFIER
Denetim Alanı MIRAKIL
005 - SON İŞLEM TARİHİ VE ZAMANI
Denetim Alanı 20181213155016.0
008 - SABİT-BOY VERİ ELEMANLARI - GENEL BİLGİLER
Sabit Uzunlukta Kontrol Alanı 161109b tu 000 0
020 ## - ULUSLARARASI STANDART KİTAP NUMARASI
Uluslararası Standart Kitap Numarası 9786056188107
035 ## - SİSTEM KONTROL NUMARASI
Sistem Kontrol Numarası 18025
040 ## - KATALOGLAMA KAYNAK
Orijinal Kataloglama Ajansı Milas
Kataloglama Dili tur
Metne Dönüştürmek Ajansı TR-AnCHP
041 ## - DİL KODU
Metin / Ses Parça Veya Ayrı Başlığın Dil Kodu tur
082 ## - DEWEY ONLU SINIFLANDIRMA NUMARASI
Sınıflandırma Numarası CHP 331.88113711
Ürün Numarası K23ö 2011
090 ## - SINIFLAMA NUMARASI
Sınıflama Numarası CHP 331.88113711 K23ö 2011
100 ## - ANA GİRİŞ - KİŞİSEL İSİM
Kişisel Ad Kahyaoğlu, Murat
245 ## - BAŞLIK TABLOSU
Başlık Öğretmen örgütlenmesinde Eskişehir örneği
Başlığın Kalan (siyasetin güzel ve çirkin yüzü)
-- anılar, izlenimler, öneriler
Sorumluluk Tablosu, Vb Murat Kahyaoğlu ; yayına hazırlayan İlyas Küçükcan
246 ## - UNVAN FORM VARYING
Başlık Doğru / Kısa Başlığı Anılar, izlenimler, öneriler
246 ## - UNVAN FORM VARYING
Başlık Doğru / Kısa Başlığı Siyasetin güzel ve çirkin yüzü
260 ## - YAYIN, DAĞITIM, VB
Yayın, Dağıtım, Vb Yeri Eskişehir
Yayıncı, Dağıtıcı, Vs Adı [yayl.y.]
Yayın, Dağıtım, Vb Tarihi 2011
Üretici Firma Servet Ofset Matbacılık
300 ## - FİZİKSEL TANIM
Kapsam 181 s.
Diğer Fiziksel Ayrıntıları res.
Boyutlar 30 sm.
490 ## - SERİSİ TABLOSU
Seri Beyanı Cumhuriyet Halk Partisi yayınları
600 ## - KONU KATMA GİRİŞ - KURUMSAL ADI
Kişisel Ad Kahyaoğlu, Murat
Başlıklar Ve Bir Adla İlişkili Diğer Kelimeler Öğretmen, TÖS Eskişehir Başkanı
Genel Alt Bölümü Siyasal ve sosyal görüşler
610 ## - KONU KATMA GİRİŞ - TOPLANTI ADI
Giriş Elemanı Olarak Kurumsal Ad Veya Yargı Alanı Adı Türkiye Öğretmenler Sendikası (TÖS)
Genel Alt Bölüm Tarih
610 ## - KONU KATMA GİRİŞ - TOPLANTI ADI
Giriş Elemanı Olarak Kurumsal Ad Veya Yargı Alanı Adı CHP
Genel Alt Bölüm Eğitim politikası
Kronolojik Alt Bölüm Eleştiriler
610 ## - KONU KATMA GİRİŞ - TOPLANTI ADI
Giriş Elemanı Olarak Kurumsal Ad Veya Yargı Alanı Adı CHP
Genel Alt Bölüm Eğitim
Kronolojik Alt Bölüm Eleştiri ve yorumlar
650 ## - KONU KATMA GİRİŞ - TOPİKAL DÖNEM
Topikal Süreli Veya Coğrafi Ad Giriş Elemanı Eğitim ve siyaset
Coğrafi Alt Bölümü Türkiye
650 ## - KONU KATMA GİRİŞ - TOPİKAL DÖNEM
Topikal Süreli Veya Coğrafi Ad Giriş Elemanı Öğretmen sendikaları
Genel Alt Bölümü Sosyo ekonomik durum
Coğrafi Alt Bölümü Türkiye
650 ## - KONU KATMA GİRİŞ - TOPİKAL DÖNEM
Topikal Süreli Veya Coğrafi Ad Giriş Elemanı Öğretmenler
Genel Alt Bölümü Sendikal örgütlenme
Coğrafi Alt Bölümü Türkiye
650 ## - KONU KATMA GİRİŞ - TOPİKAL DÖNEM
Topikal Süreli Veya Coğrafi Ad Giriş Elemanı Öğretmenler
Genel Alt Bölümü Sosyo ekonomik durum
Kronolojik Alt Bölümü Örnek olay çalışması
Coğrafi Alt Bölümü Eskişehir
-- Türkiye
650 ## - KONU KATMA GİRİŞ - TOPİKAL DÖNEM
Topikal Süreli Veya Coğrafi Ad Giriş Elemanı Eğitim
Kronolojik Alt Bölümü Örnek olay çalışması
Coğrafi Alt Bölümü Eskişehir
651 ## - KONU KATMA GİRİŞ - COĞRAFİ ADI
Coğrafi İsim Türkiye
Genel Alt Bölümü Siyasal tarih
Kronolojik Alt Bölümü Eleştiri
700 ## - KATMA GİRİŞ - KİŞİSEL İSİM
Kişisel Ad Küçükcan, İlyas
942 ## - EKLENDİ GİRİŞ ELEMANLARI (KOHA)
Sınıflandırma Veya Raf Düzeni Kaynak Dewey Decimal Classification
Koha Öğesi Türü Books
999 ## - SİSTEM KONTROL NUMARALARI (KOHA)
Koha Biblionumber 4742
Koha Biblioitemnumber 4742
657 ## - INDEX SÜRE - İŞLEVİ
-- Sendikalar ve sendikacılık
657 ## - INDEX SÜRE - İŞLEVİ
-- CHP eleştirisi
Holdings
Kalıcı Konum Mevcut Konum Edinme Tarihi Edinim Kaynak Toplam Check-Out'Lar Tam Çağrı Numarası Barkod Tarih Son Görülme İtibaren Geçerli Fiyatlar Koha Öğesi Türü
CHP Kütüphanesi CHP Kütüphanesi 11/09/2016 Bağış   CHP 331.88113711 K23ö 2011 009299 11/09/2016 11/09/2016 Books